[Event "SVK-chT3A 9697"]
[Site "Slovakia"]
[Date "1997.??.??"]
[Round "7"]
[White "Heinrich, Jan"]
[Black "Kasanicky, Richard"]
[Result "1-0"]
[WhiteElo "2050"]
[BlackElo "2230"]
[PlyCount "45"]
[EventDate "1996.??.??"]
[EventType "team-swiss"]
[EventRounds "11"]
[EventCountry "SVK"]
[SourceTitle "EXT 1998"]
[Source "ChessBase"]
[SourceDate "1997.11.17"]
[SourceVersion "1"]
[SourceVersionDate "1997.11.17"]
[SourceQuality "1"]

1. d4 Nf6 2. Nf3 g6 3. g3 Bg7 4. Bg2 d6 5. c4 0-0 6. 0-0 Nbd7 7. Nc3 e5 8. b3 Ne8 9. dxe5 Nxe5 10. Bb2 Rb8 11. Qd2 Bg4 12. Nxe5 Bxe5 13. f4 Bg7 14. h3 Be6 15. e4 f5 16. Rae1 Qc8 17. exf5 Bxf5 18. Nd5 Kh8 19. Re7 Rg8 20. Rfe1 Bd7 21. Bxg7+ Rxg7 22. Qd4 Bc6 23. Nxc7 1-0